K niektorým problémom územného členenia Slovenskej republiky a samosprávy územných celkov

Charakteristika pojmu verejnej správy. Historický pohľad na vybrané problémy kreovania nového územného členenia Slovenskej republiky, budovania a metamorfovania jeho územnej verejnej správy.a najzávažnejšie otázky jej financovania. Varianty možného usporiadania slovenského územia. Rozpočtové a fina...

ver descrição completa

Na minha lista:
Detalhes bibliográficos
Autor principal: Králik, Jozef
Outros Autores: Gogová, Mária
Formato: Capítulo de Livro
Idioma:eslovaco
Assuntos:
Tags: Adicionar Tag
Sem tags, seja o primeiro a adicionar uma tag!

MARC

LEADER 00000naa$a2200000$$$4500
001 0026277
005 20231106081641.5
041 0 |a slo 
044 |a SK 
245 1 0 |a K niektorým problémom územného členenia Slovenskej republiky a samosprávy územných celkov  |c Jozef Králik, Mária Gogová 
520 |a Charakteristika pojmu verejnej správy. Historický pohľad na vybrané problémy kreovania nového územného členenia Slovenskej republiky, budovania a metamorfovania jeho územnej verejnej správy.a najzávažnejšie otázky jej financovania. Varianty možného usporiadania slovenského územia. Rozpočtové a finančné hospodárenie obcí a VÚC. Vzťah územné členenie štátu, reforma verejnej správy a jej financovanie verzus Európska únia. 
610 2 0 |a dejiny 
610 2 0 |a členenie územné administratívne 
610 2 0 |a Slovensko 
610 2 0 |a samospráva 
610 2 0 |a vyššie územné celky 
610 2 0 |a financovanie 
610 2 0 |a Európska únia 
100 1 |a Králik, Jozef 
700 1 |a Gogová, Mária